| 000 | 00648nam a2200169 i 4500 | ||
|---|---|---|---|
| 001 | 60234 | ||
| 003 | ES-MaACL | ||
| 005 | 20230906164203.0 | ||
| 007 | t| | ||
| 008 | 031103s1881 sp ||||1| spa d | ||
| 100 | 1 |
_aEscriche y Mieg, Tomás. _947650 |
|
| 245 | 1 | 0 |
_aEjercicios linguales de pronunciación francesa _b: para adquirir en brevisimo tiempo la soltura de lengua que requiere una pronunciación correcta y franca / _cpor Tomás Escriche y Mieg. |
| 260 |
_aGuadalajara : _b[s.n.], _c1881 ( _fEst. Tip. Provincial) |
||
| 300 |
_aXV, 49 p. ; _c19 cm. |
||
| 650 | 0 | 4 |
_aLengua francesa- _xPronunciación. _914229 |
| 852 |
_aES-MaACL _jFol-Laf-533 |
||
| 999 |
_c60234 _d60234 |
||